000 01107nam0a22002651 4500
001 rc\2758792
005 20250529151543.0
035 _a(NLR Aleph) 006885464
090 _a7091373
_c7091373
100 _a20110915d1940 |||y0rusy50 ca
101 0 _arus
102 _aRU
105 _aa z |||||
200 1 _aИзготовление и монтаж металлических конструкций
_fМ. И. Буряков, М. С. Уколов
_gПод ред. д-ра тех. наук проф. К. М. Дубяга
_gВоен. инж. акад. Кр. Армии им. В. В. Куйбышева
210 _aМосква
_cВоен.-инж. акад. Кр. Армии им. В. В. Куйбышева
_d1940
215 _a168 с.
_cил., черт.
_d23 см.
320 _aБиблиогр.: с. 167
700 1 _aБуряков
_bМ.И.
_gМихаил Иванович
701 1 _aУколов
_bМ.С.
_gМихаил Сергеевич
702 1 _aДубяга
_bК.М.
_4340
801 0 _aRU
_bNLR
_gpsbo
801 1 _aRU
_bELAR
_2rusmarc
852 _aNLR
_jТ80 В-5/17
942 _cBOOK
980 _aNB